Aug. H. Škultétyho A Pavla Dobšinského Slovenské Povesti sošit 6 Tri perá z draka alebo hľadanie zlého a dobrého Pani mačička Bračok vtáčok

Bibliographic Details
Other Authors: Škultéty, August Horislav, 1819-1892 (Compiler), Dobšinský, Pavol, 1828-1885 (Compiler), Salva, Karol, 1849-1913 (Printer)
Format: Book
Language:Slovak
PhysicalDescription:S. 161-192 14 cm
Published: V Ružomberku Tlačou kníhtlačiarne Karla Salvu 1891
Edition:Druhé vydanie
Subjects:

MARC

LEADER 00000cam a2200000 a 4500
001 vtls011738766
003 SK-MaSNL
005 20260301095055.0
008 200104s1891 xo a j 00|nj slo
015 |a SNBHFA1891 
035 |a urn:nbn:sk:snk-am00d0sj 
035 |a urn:nbn:sk:snk-am3hhsd 
035 |a E245A12E-6C84-46CA-A98A-AC2EBFF54C39 
040 |a SNKHF  |b slo  |c SNK  |e AACR2 
041 0 |a slo 
044 |a xo  |c SK 
072 7 |a 398  |x Folklór  |2 konspekt 
072 7 |a 821.162.4  |x Slovenská literatúra  |2 konspekt 
080 |a 398.21  |2 2011 
080 |a 821.162.4  |2 2011 
245 0 0 |a Aug. H. Škultétyho A Pavla Dobšinského Slovenské Povesti  |n sošit 6  |p Tri perá z draka alebo hľadanie zlého a dobrého  |p Pani mačička  |p Bračok vtáčok  |c vydáva Karol Salva 
246 3 0 |a Tri perá z draka alebo hľadanie zlého a dobrého 
246 3 0 |a Pani mačička 
246 3 0 |a Bračok vtáčok 
250 |a Druhé vydanie 
260 |a V Ružomberku  |b Tlačou kníhtlačiarne Karla Salvu  |c 1891 
300 |a S. 161-192  |c 14 cm 
500 |a Ozdobné iniciály 
655 7 |a slovenské ľudové rozprávky  |2 SNKPH  |9 239440 
700 1 |a Škultéty, August Horislav,  |d 1819-1892  |4 com  |9 109730 
700 1 |a Dobšinský, Pavol,  |d 1828-1885  |4 com  |9 242422 
700 1 |a Salva, Karol,  |d 1849-1913  |4 pbl  |4 prt  |9 93017 
740 0 2 |a Tri perá z draka alebo hľadanie zlého a dobrého 
740 0 2 |a Pani mačička 
740 0 2 |a Bračok vtáčok 
752 |a Slovensko  |d Ružomberok 
852 |a SNK  |p SE 45/1/prív.5 
958 |a ONDV 
999 |c 682116  |d 684046 
952 |a SNK  |b SNK  |y PREZ  |7 0  |p 17A1299455  |o snkSE 45/1/prív.5  |i snk752/27  |0 0  |1 0  |4 0  |d 2018-01-25  |f 1  |l 0  |r 2026-02-23 20:00:53  |w 2026-02-23 
952 |a SNK  |b SNK  |y PREZ  |7 0  |p 17A1299459  |o snkSE 45/1/prív.5 D1  |i snkKSK 1264/1956  |z Rok: 1891  |0 0  |1 0  |4 0  |d 2018-01-25  |l 0  |r 2026-02-23 20:00:53  |w 2026-02-23